Szegedi Történészhallgatók Egyesületének Hatodik Konferenciája absztraktkötet

Elmentve itt :
Bibliográfiai részletek
Testületi szerző: Szegedi Történészhallgatók Egyesületének konferenciája (6.)
További közreműködők: Bakos Dzsennifer
Domján Máté
Haluska Mirabel
Oláh Szabolcs
Tomkó Zoltán
Zsiga Nikoletta Evelin
Dokumentumtípus: Könyv része
Megjelent: Belvedere Meridionale Szeged 2024
Sorozat:Szegedi Történészhallgatók Egyesületének Konferenciái 6
Kulcsszavak:Magyarország története - előadáskivonatok, Világtörténelem - előadáskivonatok
Tárgyszavak:
Online Access:http://acta.bibl.u-szeged.hu/86038
LEADER 01186naa a2200289 i 4500
001 acta86038
005 20250109132251.0
008 241204s2024 hu o 100 hun d
020 |a 978-615-6060-84-6 
040 |a SZTE Egyetemi Kiadványok Repozitórium  |b hun 
041 |a hun 
245 0 0 |a Szegedi Történészhallgatók Egyesületének Hatodik Konferenciája   |h [elektronikus dokumentum] :  |b absztraktkötet 
260 |a Belvedere Meridionale  |b Szeged  |c 2024 
300 |a 45 
490 0 |a Szegedi Történészhallgatók Egyesületének Konferenciái  |v 6 
561 |a Belvedere Meridionale kötetek 
650 4 |a Bölcsészettudományok 
650 4 |a Történettudomány és régészet 
695 |a Magyarország története - előadáskivonatok, Világtörténelem - előadáskivonatok 
700 0 1 |a Bakos Dzsennifer 
700 0 1 |a Domján Máté 
700 0 1 |a Haluska Mirabel 
700 0 1 |a Oláh Szabolcs 
700 0 1 |a Tomkó Zoltán 
700 0 1 |a Zsiga Nikoletta Evelin 
711 |a Szegedi Történészhallgatók Egyesületének konferenciája (6.)  |c Szeged  |d 2024. április 18-19. 
856 4 0 |u http://acta.bibl.u-szeged.hu/86038/1/SZETE_absztraktkotet_006.pdf  |z Dokumentum-elérés